Hello in Different European Languages - Statistics

General Stats
  • This quiz has been taken 42 times
  • The average score is 16 of 44
Answer Stats
Country Translation % Correct
France Bonjour
91%
Austria Hallo
88%
Germany Hallo
84%
United Kingdom Hello
84%
Spain Hola
84%
Italy Ciao
78%
Andorra Hola
78%
Monaco Bonjour
75%
Belgium Hallo
75%
Luxembourg Hallo
75%
Netherlands Hallo
72%
Liectenstein Hallo
66%
Portugal Olá
66%
San Marino Ciao
59%
Norway Hallo
59%
Switzerland Hallo
59%
Sweden Hej
44%
Iceland Halló
41%
Denmark Hej
41%
Malta Hello
38%
Finland Hei
28%
Czech Republic Ahoj
25%
Hungary Helló
19%
Vatican City Salve
19%
Croatia Zdravo
19%
Slovakia Ahoj
16%
Slovenia Zdravo
16%
Estonia Tere
13%
Ireland Dia Duit
9%
Albania Përshëndetje
9%
Latvia Sveiki
9%
Lithuania Sveiki
9%
Poland Witam
9%
Greece Γειά σου
6%
Russia Привет
6%
Moldova Hi
6%
Romania Hi
6%
Belarus прывітанне
3%
Bulgaria здравей
3%
Serbia здраво
3%
Ukraine привіт
3%
Montenegro здраво
0%
North Macedonia здраво
0%
Bosnia and Herzegovina Zrdavo
0%
No matching quizzes found
Score Distribution
Percent of People with Each Score
Percentile by Number Answered
Your Score History
You have not taken this quiz